| 000 | 01049nam a2200265Ia 4500 | ||
|---|---|---|---|
| 003 | OSt | ||
| 005 | 20220923211304.0 | ||
| 006 | a|||||r|||| 00| 0 | ||
| 007 | ta | ||
| 008 | 220922b |||||||| |||| 00| 0 hin d | ||
| 020 |
_a9788179171707 (hbk) _c350 |
||
| 024 | _a262,131 | ||
| 037 |
_b69, 02/07/2012, Eastern Book Linkers _cTextual |
||
| 040 |
_aARTS _cARTS _bhin |
||
| 041 |
_2hin _ahin |
||
| 082 | _aV5927y7N26, 152Q1 | ||
| 100 |
_aकास्त्रो, फ़िदेल; गुप्ता, जीतेन्द्र, अनु. _9160177 |
||
| 245 | 0 | _aआधी सदी गवाह है | |
| 246 | _aĀdhī sadī gavāh hai | ||
| 260 |
_aदिल्ली _b ग्रंथ शिल्पी _c2011 |
||
| 300 |
_a174पृ. _ccm. |
||
| 650 | _aविश्व-इतिहास | ||
| 942 |
_hV5927y7N26, 152Q1 _cTEXL _2CC |
||
| 999 |
_c298152 _d298152 |
||